Представление документа в формате RUSMARC

ПолеНазваниеЗначение
  Тип записи a
  Библиографический уровень m
001 Контрольный номер UONB/MAIN/37cc38c3bb744002999f71d2ee91848d
005 Дата корректировки 20260504150413.3
010 Индекс ISBN __
b Уточнения в пер.
d Цена 88 к.
9 Тираж 500 экз.
100 Данные общей обработки __
a Данные общей обработки 20240315d1976 u y0rusy0189 ca
101 Язык документа 0_
a Язык текста rus
102 Страна публикации __
a Страна публикации RU
105 Кодированные данные (монография) __
a Кодированные данные (монография) a z 001yy
200 Заглавие и сведения об ответственности 1_
a Заглавие Производство железнодорожных рельсов и колес
e Сведения, относящиеся к заглавию сборник научных трудов
f Первые сведения об ответственности Министерство черной металлургии СССР, Украинский научно-исследовательский институт металлов
203 Вид содержания и тип средства __
a Вид содержания Текст
b Характеристика содержания визуальный
c Тип средства непосредственный
210 Выходные данные 1_
a Место издания Харьков
c Издательство [б. и.]
d Дата издания 1976
215 Физическое описание __
a Объем 103 с.
c Иллюстрации/тип воспроизводства ил., граф.
d Формат 22 см
320 Библиография __
a Библиография Библиогр. в конце ст.
606 Тематические рубрики 0_
a Основная рубрика Рельсы
x Основная подрубрика Производство
j Формальный подзаголовок Сборники
606 Тематические рубрики 0_
a Основная рубрика Вагонные колеса
x Основная подрубрика Производство
j Формальный подзаголовок Сборники
610 Ключевые слова 0_
a Ключевые слова рельсы; производство рельсов; вагонные колеса; производство вагонных колес
675 Индекс УДК __
a Индекс УДК 6П4.225
675 Индекс УДК __
a Индекс УДК 6П4.228
686 Индексы других классификаций __
2 Код системы rubbk
a Классификационный индекс 34.621
712 Наименование организации (Вторичная ответственность) 02
a Организация/ юрисдикция Министерство черной металлургии СССР
b Другие уровни Украинский научно-исследовательский институт металлов
4 Код отношения 570
801 Источник записи _0
a Страна RU
b Организация Ульяновская ОНБ
c Дата составления 20240315
g Правила каталогизации RCR
801 Источник записи _1
a Страна RU
b Организация Ульяновская ОНБ
c Дата составления 20240315
g Правила каталогизации RCR
901 Тип документа __
t Тип документа m
909 Создатель записи __
a Создатель записи Оргеткина
b Дата создания записи 20240315
910 Корректоры записи __
a Корректор записи Горбункова
b Дата внесения изменения в запись 20260504